Nicknames of FA Cup winners - sudden death - Statistics

General Stats
  • This quiz has been taken 63 times
  • The average score is 8 of 24
Answers on the Grid
Answers color-coded by a green-red scale on the quiz's grid according to % correct below.
Gunners
Cottagers
Red Devils
Pensioners
Spurs
Spiders
Hatters
Wombles
Tractor Boys
Magpies
Light Blues
Reds
Cherries
Glaziers
Canaries
Toffees
Throstles
Posh
Hornets
Trotters
Millers
Grecians
Railwaymen
Potters
Seasiders
Blades
Pilgrims
Black Cats
Sulphurites
Sappers
Monkey Hangers
Mariners
Owls
Foxes
Bluebirds
Pompey
Shrews
Imps
Hammers
Oldens
Shakers
Terriers
 
Answer Stats
Answer % Correct
Arsenal Gunners
97%
Manchester United Red Devils
72%
Tottenham Hotspur Spurs
69%
Newcastle United & Notts County Magpies
56%
Everton Toffees
50%
West Ham United Hammers
47%
Chelsea Pensioners
44%
Liverpool Reds
44%
Leicester City Foxes
38%
Ipswich Town Tractor Boys
34%
Wimbledon Wombles
34%
Sunderland Black Cats
31%
Sheffield United Blades
28%
Sheffield Wednesday Owls
28%
Portsmouth Pompey
28%
Cardiff City Bluebirds
19%
Blackburn Olympic Light Blues
19%
Huddersfield Town Terriers
16%
West Bromwich Albion (original nickname) Throstles
16%
Bury Shakers
13%
Blackpool Seasiders
9%
Bolton Wanderers Trotters
9%
Old Etonians Oldens
6%
Royal Engineers Sappers
3%
No matching quizzes found
Score Distribution
Percent of People with Each Score
Percentile by Number Answered
Your Score History
You have not taken this quiz